<?xml version="1.0" encoding="UTF-8"?>
<record
    xmlns:xsi="http://www.w3.org/2001/XMLSchema-instance"
    xsi:schemaLocation="http://www.loc.gov/MARC21/slim http://www.loc.gov/standards/marcxml/schema/MARC21slim.xsd"
    xmlns="http://www.loc.gov/MARC21/slim">

  <leader>01503nam a22001457a 4500</leader>
  <datafield tag="999" ind1=" " ind2=" ">
    <subfield code="c">530961</subfield>
    <subfield code="d">530961</subfield>
  </datafield>
  <controlfield tag="008">250722b           ||||| |||| 00| 0 eng d</controlfield>
  <datafield tag="100" ind1=" " ind2=" ">
    <subfield code="a">Slingenberg, Lieneke and  Vols, Michel </subfield>
    <subfield code="9">55504</subfield>
  </datafield>
  <datafield tag="245" ind1=" " ind2=" ">
    <subfield code="a">Introduction to the special issue: Social control, housing and the law</subfield>
  </datafield>
  <datafield tag="260" ind1=" " ind2=" ">
    <subfield code="a">Social &amp; Legal Studies  </subfield>
  </datafield>
  <datafield tag="300" ind1=" " ind2=" ">
    <subfield code="a">34(3), Jun, 2025: p.309-319</subfield>
  </datafield>
  <datafield tag="520" ind1=" " ind2=" ">
    <subfield code="a">In this special issue on housing and social control, we explore the relationship between these two concepts through a socio-legal perspective. We investigate how law plays a role in shaping and assessing the connection between housing and social control, by, on the one hand, serving as an instrument of social control, and, on the other hand, acting as a limitation on the ability to impose social control. In addition to this dual function of the law, we identify four scenarios where social control and housing intersect, ranging from the complete absence of housing, to access to, occupation of and eviction from housing. The contributions to the special issue have a wide geographical scope (including case studies from Europe, America, Africa and Australia); each deals with one or more of these four scenarios, and they each underline one or both of the two functions of law as regards social control.- Reproduced 

https://journals.sagepub.com/doi/full/10.1177/09646639251329809
</subfield>
  </datafield>
  <datafield tag="650" ind1=" " ind2=" ">
    <subfield code="a">Social control, Housing, Homelessness, Right to housing, Eviction. </subfield>
    <subfield code="9">55505</subfield>
  </datafield>
  <datafield tag="773" ind1=" " ind2=" ">
    <subfield code="a">Social &amp; Legal Studies  </subfield>
  </datafield>
  <datafield tag="942" ind1=" " ind2=" ">
    <subfield code="c">AR</subfield>
  </datafield>
  <datafield tag="952" ind1=" " ind2=" ">
    <subfield code="0">0</subfield>
    <subfield code="1">0</subfield>
    <subfield code="2">ddc</subfield>
    <subfield code="4">0</subfield>
    <subfield code="7">0</subfield>
    <subfield code="9">406160</subfield>
    <subfield code="a">IIPA</subfield>
    <subfield code="b">IIPA</subfield>
    <subfield code="d">2025-07-22</subfield>
    <subfield code="h">34(3), Jun, 2025: p.309-319</subfield>
    <subfield code="p">AR136682</subfield>
    <subfield code="r">2025-07-22</subfield>
    <subfield code="y">AR</subfield>
  </datafield>
</record>
